000 00820nam a22002177a 4500
999 _c17192
_d17192
003 AR-CdUCM
008 190304b ||||| |||| 00| 0 spa d
040 _aMUNICIPALIDAD PROVINCIAL DEL CUSCO
_cBIBLIOTECA MUNICIPAL DEL CUSCO
041 _hfre
082 _a944.04 /
_bT22
100 _aTarle, Eugenio
_936111
245 _aLa clase obrera en la revolución francesa :
_bGerminal y Pradial /
260 _aBuenos Aires :
_bFuturo ;
_c1965.
300 _a367 páginas ;
_c23 cm.
505 _aContenido: Rasgos fundamentales de la situación económica y social entre el 9 de termidor y 12 de germinal -- El terror de pradial -- después de los suplicios.
650 _aRevolución Francesa
_91606
650 _aClase Obrera
_95867
650 _aGerminal y pradia
_937060
942 _2ddc
_cLIBROS
945 _arcc